| 000 | 00546nam a2200205 a 4500 | ||
|---|---|---|---|
| 999 |
_c9242 _d9242 |
||
| 001 | 9242 | ||
| 003 | BD-JhCC | ||
| 005 | 20180312110708.0 | ||
| 008 | 180312s1986 |||| ||a| 000 0 ben d | ||
| 035 | _a(BD-JhCC)9242 | ||
| 040 |
_aBD-JhCC _dBD-JhCC |
||
| 041 | _aben | ||
| 082 |
_a891.4409 _bEKU 1986 |
||
| 245 | _aএকুশের প্রবন্ধ'৮৬ / | ||
| 260 |
_aঢাকা : _bবাংলা একাডেমী; _c1986. |
||
| 300 |
_a191 _c21 cm. |
||
| 651 | _aColleected of Essays | ||
| 942 |
_2ddc _cBK |
||